| 000 | 00508nam 22001693 4500 | ||
|---|---|---|---|
| 001 | 199501 | ||
| 090 | _a199501 | ||
| 100 | _a20251212 pory50 | ||
| 200 |
_aA Ponte _fÉrico Verissimo _gilustrações de Percy Deane |
||
| 210 |
_aRio de Janeiro _cNova Fronteira _dcop.1958 |
||
| 215 |
_a95 p. _cil. ; encadernado _d31 cm |
||
| 606 |
_99 _aLiteratura Brasileira |
||
| 675 |
_a821.134.3(81)-3 _vPT _zpor |
||
| 700 |
_92441 _aVeríssimo _bErico _f1905-1975 |
||
| 801 |
_aPT _bBMMN _gRPC |
||
| 830 |
_cAna _fAna |
||
| 990 | _cLIVROS | ||